01840cam a22004217a 4500003000500000005001700005008004100022010001000063011001000073035001000083040000900093090001000102100004400112245023600156260004100392300001000433502008500443590003700528590004100565590004100606590004100647590004100688590004100729590004200770650004300812650003500855650003300890650001700923700004100940901000700981905002600988942000901014949006201023949004901085999001701134952014001151952012701291CHAP20250616134730.0010920d2001 mx r 00110 spa d a85232 a86204 a96742 cCHAP aTesis10aBarajas Ramírez, Jahir Antonio91004610aEstudio de factibilidad técnico económica para la producción, acondicionamiento y comercialización de okra (Hibiscus esculentus L.) en Delicias, Chihuahuac/por Jahir Antonio Barajas Ramírez y Martín Barrera Fernández aChapingo, Méx. :bEl autor,c2001. a83 h. aTesis (Ing. Agroindustrial) -- UACH. Departamento de Ingeniería Agroindustrial aALEPHb10c20130110lUCH01h1445 aBATCH-UPDb10c20130110lUCH01h0359 aBATCH-UPDb10c20130410lUCH01h0032 aBATCH-UPDb10c20130410lUCH01h1623 aBATCH-UPDb10c20130914lUCH01h0540 aBATCH-UPDb10c20130914lUCH01h2140 aCONVERSIONb10c20130109lUCH01h134714aLegumbresxMercadeozChihuahua.96575714aLegumbresxRendimiento.96578114aLegumbreszChihuahua.96580114aOcra.98272010aBarrera Fernández, Martín910382 aBK aAlejandra Carrasco M. cFOLL aTesisbBCcTESd33724000860094eTS2fc.2h39115i96742sb aTesisbBCcTESd967421eTS1h39114i96742sb c85232d85232 00102local4053708TESISaBCbBCcPA_TESISd2019-12-31fTESISl0oTesisp33724000860094r2019-12-31 00:00:00tc.2w2019-12-31yTESIS 00102local4051708TESISaBCbBCcPA_TESISd2019-12-31fTESISl0oTesisp967421r2019-12-31 00:00:00w2019-12-31yTESIS